Culture Générale - Série 2252 - Statistiques

Statistiques générales
  • Ce quiz a été pris 147 fois
  • Le résultat moyen est 6 sur 10
Statistiques - réponses
Question Réponse % Correct
Il peut être cantonais ou pilaf riz
98%
Quelle est la couleur du fromage appelé "mimolette" ? orange
94%
Au tennis, par quel mot anglais désigne-t-on une faute de filet ? let
87%
Quel acronyme employé en tant qu'interjection, très répandu sur Internet,signifie "mourir de rire" ? lol
87%
En argot, quel animal est appelé "cador" ? chien
74%
Quelle rivière traverse la ville de Louviers (27) ? Eure
60%
Quel mot de 9 lettres commençant par " a " se rapporte à une légère difficulté, un petit incident ? anicroche
37%
Dans le langage familier, c'est une chambre ou maison sale et sans confort - synonyme de "taudis" - 5 lettres commençant par " t " turne
30%
Elle s'est constituée en six ans (de 1962 à 1968) le plus beau palmarès de l'histoire du ski alpin féminin français avec notamment deux médailles d'or olympiques et sept titres de championne du monde- prénom et nom - voir photo Marielle Goitschel
24%
Herbe qui repousse dans une prairie après la première coupe. regain
19%
Aucun quiz correspondant
Distribution des résultats
% des personnes avec chaque résultat
Percentile par nombre de réponses
Votre historique - résultats
Vous n’avez pas pris ce quiz